000 00702nam a2200289Ia 4500
005 20260324133737.0
008 008 260324s9999 xx 000 0 eng d
020 _a9780203300831
037 _aEBOOK
040 _aCRL
040 _beng
040 _cCRL
041 _2eng
041 _aeng
084 _qCRL
100 _aGeoffrey Jukes; Boris Slavinsky
_91194230
245 4 _aThe Japanese-Soviet Neutrality Pact
245 2 _bA Diplomatic History 1941-1945
260 _bTaylor and Francis
260 _c2003
365 _a
365 _b315
856 _uhttp://www.taylorfrancis.com/books/9780203300831
942 _cEBOOK
999 _c1793602
_d1793602